01009cam a2200289 a 45000010005000000030006000050050017000110080041000280100017000690200015000860200018001010200027001190400023001460500016001690820012001851000030001972450090002272600053003173000059003705050007004295200141004365210022005775210018005996500022006176500048006397000032006876313FISKH20250410111816.0900425s1991 nyua j 000 1 eng  a 90037377  a0803709315 a9780140558364 a0803709323 (lib. bdg.) aDLCcDLCdDLCbeng aPZ7.M16765  a305.8972 aMacGill-Callahan, Sheila 10aAnd still the turtle watched /cby Sheila MacGill-Callahan ; pictures by Barry Moser. aNew York :bDial Books for Young Readers,c1991. a30 unnumbered pages : bcolor illustrations ; c26 cm  aM  aA turtle carved in rock on a bluff over the Hudson River by Indians long ago watches with sadness the changes man brings over the years.8 a530 bLexile AD 8 aM bRaz-Plus  1aTurtlesxFiction. 1aNaturexEffect of human beings onxFiction.1 aMoser, Barry,eillustrator